|
|
|
|
| LEADER |
00000nab#a22000007a#4500 |
| 001 |
arbauad020435 |
| 003 |
AR-BaUAD |
| 005 |
20250711111800.0 |
| 008 |
960718|||||||||###||||||b###|0###a|spa|| |
| 040 |
|
|
|a AR-BaUAD
|c AR-BaUAD
|b spa
|
| 100 |
|
|
|a Polledri, Paolo
|
| 245 |
|
|
|a Probing the depth of the surface /
|c Paolo Polledri;
|
| 300 |
0 |
|
|b fot., il.
|
| 653 |
|
|
|a DISEÑO GRAFICO
|
| 653 |
|
|
|a ISOLOGOTIPOS
|
| 653 |
|
|
|a ISOTIPOS
|
| 653 |
|
|
|a LOGOTIPOS
|
| 653 |
|
|
|a WEB
|
| 653 |
|
|
|a INTERNET
|
| 653 |
|
|
|a PAGINAS WEB
|
| 653 |
|
|
|a PACKAGING
|
| 653 |
|
|
|a MOK, CLEMENT
|
| 653 |
|
|
|a NORTH, AMANDA
|
| 653 |
|
|
|a CRUMPACKER, MARK
|
| 773 |
0 |
|
|t GRAPHIS
|g no. 302 [mar.-abr. 1996], p. 20-37
|
| 942 |
|
|
|c ARTI
|
| 952 |
|
|
|0 0
|1 0
|4 0
|7 0
|9 65354
|a AR-BAuAD
|b AR-BAuAD
|d 2025-07-11
|l 0
|p AAQA020435
|r 2025-07-11 11:18:00
|w 2025-07-11
|y ARTI
|
| 990 |
|
|
|a DG199
|b TD
|
| 998 |
|
|
|a AAQ
|b BIBUN76
|
| 999 |
|
|
|c 45027
|d 45027
|